000 00802nam a22002417a 4500
999 _c173361
_d173361
005 20200222113807.0
010 _aB-123263
020 _a8182230829
_c100.00
035 _aB-123263
037 _bCen Lib/Ret
082 _aک
100 _aمنٹو، سعادت حسن
245 _aنیا قانون:
_bکولیات منٹو-افسانے، جلد 13 /
_cسعادت حسن منٹو
246 _aNaya Qanoon (Kulliyat-e-Manto-Afsane, vol.13) /
_bby Saadat Hasan manto
260 _aDelhi
_bEducational Publishing House
_c2005 ء
270 _bDelhi
_a3108, Vakil Street, Kucha Pandit, Lal Kuan
_e110006
300 _a160p.
_c22cm(Hb)
650 _aاردو ادب
650 _aاردو ناول
650 _aUrdu literature
650 _aUrdu novel
942 _2ddc
_cUR
_hک
_mم ن ٹ